| 000 | 00536nam a2200205Ia 4500 | ||
|---|---|---|---|
| 003 | OSt | ||
| 005 | 20250218093120.0 | ||
| 008 | 210210b1950 xxu||||| |||| 00| 0 eng d | ||
| 040 | _cAL | ||
| 041 | _aHindi | ||
| 082 | _a869/206 | ||
| 100 |
_aPREMCHAND _dप्रेमचंद _9200528 |
||
| 245 |
_aSamar yathra _bसमर-यात्रा |
||
| 260 |
_aBanaras _bSarasvati Prakashana _c1950 |
||
| 650 |
_ayAthra _9200529 |
||
| 650 |
_aSamar _9200530 |
||
| 690 |
_aHindi Fiction _9200531 |
||
| 906 | _a024004 | ||
| 942 |
_2ddc _cBK |
||
| 999 |
_c148969 _d148969 |
||